Selected works of Arthur Conan Doyle/ (Record no. 167527)

MARC details
000 -LEADER
fixed length control field 00558nam a22001817a 4500
005 - DATE AND TIME OF LATEST TRANSACTION
control field 20190906115338.0
010 ## - LCCN (DPL NO)
LC control number ENG_126428
020 ## - INTERNATIONAL STANDARD BOOK NUMBER
International Standard Book Number 9789388304139
Terms of availability 195.00
035 ## - SYSTEM CONTROL NUMBER
System control number EN-109960
037 ## - SOURCE OF ACQUISITION
Source of stock number/acquisition DBAD/PUB
082 ## - DEWEY DECIMAL CLASSIFICATION NUMBER
Classification number 808.88
100 ## - MAIN ENTRY--PERSONAL NAME
Personal name Doyle,Arthur Conan
245 ## - TITLE STATEMENT
Title Selected works of Arthur Conan Doyle/
Statement of responsibility, etc By O.Henry
260 ## - PUBLICATION, DISTRIBUTION, ETC. (IMPRINT)
Name of publisher, distributor, etc Maple Press Private Limited
Date of publication, distribution, etc 2013
Place of publication, distribution, etc Noida
270 ## - ADDRESS
Electronic mail address info@maplepress.co.in
Address A-63,Sector 58
City Noida
Postal code 201301
Telephone number 911204553581
300 ## - PHYSICAL DESCRIPTION
Extent 406p.
Dimensions 22cm.(pbk)
942 ## - ADDED ENTRY ELEMENTS (KOHA)
Source of classification or shelving scheme Dewey Decimal Classification
Item type English Books
Classification part 808.88
Call number suffix DOY
Holdings
Withdrawn status Lost status Not for loan Collection code Home library Current library Date acquired Source of acquisition Cost, normal purchase price Full call number Barcode Copy number Cost, replacement price Koha item type
      Non-fiction Ashok Vihar Ashok Vihar 06/09/2019 DBAD/PUB 195.00 808.88 DOY EN-109960 1 195.00 English Books

© Delhi Public Library
Hit Counter
free hit counter